| 000 | 00598nam a22001937a 4500 | ||
|---|---|---|---|
| 999 |
_c7233 _d7233 |
||
| 003 | OSt | ||
| 005 | 20210920105337.0 | ||
| 008 | 210920b ||||| |||| 00| 0 eng d | ||
| 020 | _a0716770725 | ||
| 040 | _cDDC | ||
| 082 | _a547BLE2006 | ||
| 100 |
_aAudesirk,Teresa; Audesirk,Gerald and Byers,Bruce E. _914868 |
||
| 245 |
_aBiology Life on Earth. _cEdited by Audesirk,Teresa; Audesirk,Gerald and Byers,Bruce E. |
||
| 260 |
_aUSA _bW.H. Freeman and Company _c2006 |
||
| 300 |
_axviii,563p; _bill; _c27cm |
||
| 504 | _aIncludes;Glossary and index. | ||
| 650 |
_aBiology _95602 |
||
| 942 |
_2ddc _cO_SHELF |
||